TWENTIETH CENTURY MIND (Record no. 61417)

MARC details
000 -LEADER
fixed length control field 00390nam a2200145Ia 4500
008 - FIXED-LENGTH DATA ELEMENTS--GENERAL INFORMATION
fixed length control field 211109s9999||||xx |||||||||||||| ||und||
082 ## - DEWEY DECIMAL CLASSIFICATION NUMBER
Classification number 820
Item number COX-T
100 ## - MAIN ENTRY--PERSONAL NAME
Personal name Cox, C B
245 #0 - TITLE STATEMENT
Title TWENTIETH CENTURY MIND
260 ## - PUBLICATION, DISTRIBUTION, ETC.
Name of publisher, distributor, etc. Oxford
Place of publication, distribution, etc. New York
Date of publication, distribution, etc. 2008
300 ## - PHYSICAL DESCRIPTION
Extent 508p.
630 ## - SUBJECT ADDED ENTRY--UNIFORM TITLE
General subdivision GENERAL STACK
650 ## - SUBJECT ADDED ENTRY--TOPICAL TERM
Topical term or geographic name entry element English Literature
942 ## - ADDED ENTRY ELEMENTS (KOHA)
Koha item type BOOK
650 ## - SUBJECT ADDED ENTRY--TOPICAL TERM
Form subdivision english and old english literaturesEnglish
Holdings
Withdrawn status Lost status Damaged status Not for loan Home library Current library Date acquired Cost, normal purchase price Total Checkouts Full call number Barcode Shelving location Date last seen Price effective from Koha item type
        SB LIBRARY SB LIBRARY 09/11/2021 100.00   820 COX-T 00044909 GENERAL STACK 09/11/2021 09/11/2021 BOOK

Powered by Koha